| Поле | Инд. | ПП | Название | Значение |
|---|---|---|---|---|
| Тип записи | a | |||
| Библиографический уровень | m | |||
| 001 | Контрольный номер | ce6154ac-dd20-437b-a5e7-bd00b038f415 | ||
| 005 | Дата корректировки | 20140703150748.2 | ||
| 008 | Кодируемые данные | 061026 | ||
| 020 | c | Цена, тираж | б/ц | |
| 040 | a | Служба первич. каталог. | НБ ТвГУ | |
| 041 | a | Код языка текста | rus | |
| 080 | a | Индекс УДК | 1(470)(091)"18/19"(043.3) | |
| 084 | a | Индекс другой классификации/Индекс ББК | Ю3(2)61-63я031 | |
| 090 | x | Авторский знак | С59 | |
| a | Полочн. индекс | Ю3(2)61 | ||
| 100 | 1_ | a | Автор | Соколова Марина Геннадьевна |
| 245 | 10 | a | Заглавие | Христианская антропологическая традиция и проблема тела в русской религиозной философии конца XIX - начала XX веков |
| b | Продолж. заглавия | дис. ... канд. филос. наук : 09.00.03 | ||
| c | Ответственность | Смол. гуманит. ун-т | ||
| 260 | 1_ | a | Место издания | Смоленск |
| c | Дата издания | 2006 | ||
| 300 | a | Объем | 144 с. | |
| 500 | a | Примечание | На правах рукоп. | |
| 502 | a | Примечание о диссертации | Дис. (канд.) - Смол. гуманит. ун-т, 2006 | |
| 504 | a | Библиография | Библиогр.: с. 126-144 и в подстроч. примеч.. | |
| 583 | a | Действие | Получение впервые 408 26.10.2006 | |
| 650 | a | Основная рубрика | Религиозная философия русская | |
| x | Основная подрубрика | История | ||
| y | Хронологическая подрубрика | 19-20 вв. | ||
| 650 | a | Основная рубрика | Философия | |
| x | Основная подрубрика | История | ||
| z | Географическая подрубрика | Россия | ||
| 653 | a | Ключевые слова | Религиозная философия | |
| a | Ключевые слова | История философии | ||
| a | Ключевые слова | Русская философия | ||
| a | Ключевые слова | Русская религиозная философия | ||
| a | Ключевые слова | Диссертации | ||
| 852 | t | Порядковый номер экземпляра | 1 | |
| p | Инвентарный номер | б/н | ||
| 888 | a | Бесплатные | ||
| 930 | a | Новая/Ретро | диссертации | |
| 952 | p | 408.2006 б/ц 1 б/н | ||
| c | Вид литературы | Дис н | ||
| 954 | a | Дата поступления на обработку | 20061110 | |
| 999 | a | Подразделение 2 | ч.з. |